000
00261nam a22001217a 4500
008
180213b xxu||||| |||| 00| 0 eng d
041
_a
eng
080
_a
7
100
_a
44
101
_a
ART
245
_a
STRUCTURAL STEEL DESIGN
_c
ROBERT.F
942
_2
udc
_c
BK
999
_c
42395
_d
42395